01576cam a22003854i 4500003000900000005001700009008004100026035002000067040003300087049000900120082001900129100003300148245004900181264004600230300005200276336002100328337002500349338002300374504002600397505023300423526000900656526000900665526000800674526000800682526000800690650001200698700002800710910002800738942001400766994001400780596000600794999015500800980005500955952018001010PE-LiUPU20250731183356.0170503s1940 r 000 0 spa d a(Sirsi) a167513 aPE-LiUPUbspacPE-LiUPUerda aPRUA04a780.9bM122201 aMcKinney, Howard D.,eautor.10aMusic in history :bthe evolution of an art. 1aNew York :bAmerican book company,c1940. axx, 904 pages :bilustrations ;c23 centimeters atext2rdacontent aunmediated2rdamedia avolume2rdacarrier aIndex :pages 881-904.0 aThe arts in history -- The conjectural beginnings -- The origins of art -- Music in the life of the near east -- The music of the hellenic age -- Roman and early christian music -- The historical past -- The problematic present. aP158 aP146 aP17 aP12 aP0604aMusica.1 aAnderson, W. R.eautor. ajckbncfcncfd20170503 2ddccBOOK aC0bPEPRU a1 a780.9 M12wDEWEYc16243i75741f2021-11-11g4lCCODEBUL1mBULp12.00r0sYtBOOKu2017-5-3xTEOLOGIAPP850COMPRAo.STAFF. Colección Teologiad16243 81gALBERTO SANCHEZ Responsable de Automatización r2025-12-03 00:00:00i5l1o780.9 M12p75741s2023-05-12te1v17.00w2017-05-03xPGyBKzinventario-2023-12-13102ddc50708GENfP85aBULbBULcGENd2017-05-03eCOMPRAg12.00